Marx's Concept of Man /

Zapisane w:
Opis bibliograficzny
1. autor: Fromm, Erich (autor)
Kolejni autorzy: Marx, Karl (autor) (autor), Bottomore, Thomas B. (traducción) (traducción)
Format: Książka
Język:angielski
Wydane: Nueva York, EUA : Frederick Ungar, 1961, c1961
Seria:(Milestones of Thought ; 116)
Hasła przedmiotowe:
Etykiety: Dodaj etykietę
Nie ma etykietki, Dołącz pierwszą etykiete!

MARC

LEADER 00000nam^a2200000^a^4500
001 000025317
005 20250521000000.0
009 20260526113929.515
037 |a Acervo ITESO - Biblioteca 
041 |a ING 
082 |a 146. 32  |b FRO 
100 |a Fromm, Erich  |e (autor) 
240 1 1 |a [Marx y su concepto del hombre] 
240 1 1 |a [Manuscritos económico-filosóficos de 1844] 
245 1 0 |a Marx's Concept of Man /  |c E. Fromm. 
264 4 |a Nueva York, EUA :  |b Frederick Ungar,  |c 1961, c1961 
300 |a 260 p. 
336 |a texto  |b txt  |2 rdacontenido 
337 |a sin mediación  |b n  |2 rdamedio 
338 |a volumen  |b nc  |2 rdasoporte 
440 1 |a (Milestones of Thought ;  |v 116) 
649 |a XX 
650 |a Filósofos Alemanes 
650 |a Politólogos Alemanes 
650 |a Economistas Alemanes 
650 |a Lucha de Clases 
650 |a Economía Política 
650 |a Ideología 
650 |a Alienación 
650 |a Antropología Filosófica -  |x Tema Principal 
650 |a Materialismo Histórico y Dialéctico 
650 |a Materialismo Histórico y Dialéctico 
650 |a Marxismo -  |x Historia y Crítica -  |x Tema Principal 
650 |a Filosofía del Siglo XX -  |x Historia y Crítica 
650 |a Filosofía Alemana -  |x Historia y Crítica 
650 |a Marx, Karl 
650 |a Feuerbach, Ludwig 
600 |a Hegel, Friedrich 
740 0 |a Economic and Philosophical Manuscripts /  |c K. Marx ; tr. por T.B. Bottomore. 
700 |a Marx, Karl  |e (autor) 
700 |a Bottomore, Thomas B.  |e (traducción) 
910 |a Fondo General 
920 |a Impresos - Libros 
930 |a Colección General 
905 |a 101 
901 |a 0253170100  |b IT1  |c ACC  |i 025317  |u 20250521 
902 |a https://opac.biblio.iteso.mx/vufind/Record/000025317